| 000 | 00597nam a22001937a 4500 | ||
|---|---|---|---|
| 003 | CEME | ||
| 005 | 20210628202804.0 | ||
| 008 | 210118b xxu||||| |||| 00| 0 eng d | ||
| 020 | _a1-57444-612-6 | ||
| 040 | _c. | ||
| 082 | _a658.40340151 HAS | ||
| 100 |
_aHastings, Kevin J _961621 |
||
| 245 | _aIntroduction to the mathematics of operations research with mathematica | ||
| 250 | _a2ND | ||
| 260 |
_aNEW YORK _bCHAPMAN AND HALL _c2006 |
||
| 300 | _aXIX,567 P | ||
| 650 |
_aMATHEMATICS OF OPERATIONS RESEARCH WITH MATHEMATICA.OPERATIONS RESEARCH WITH MATHEMATICA _961622 |
||
| 942 |
_cBK _2ddc |
||
| 999 |
_c571016 _d571016 |
||